Normal view
MARC view
Entry Personal Name
001 - CONTROL NUMBER
- control field: 535828
003 - CONTROL NUMBER IDENTIFIER
- control field: OSt
005 - DATE AND TIME OF LATEST TRANSACTION
- control field: 20220930075153.0
008 - FIXED-LENGTH DATA ELEMENTS
- fixed length control field: 220930|| aca||aabn | a|a d
040 ## - CATALOGING SOURCE
- Original cataloging agency: OSt
- Transcribing agency: OSt
100 ## - HEADING--PERSONAL NAME
- Personal name: Dr Narender Mohan Gu
670 ## - SOURCE DATA FOUND
- Source citation: Work cat.: (OSt)867786: Kaamble Manju Mukul 535827, Hindi ki lambi kavita ka shilp vidhaan, 2002
